000 00234nam a22000857a 4500
008 170608b xxu||||| |||| 00| 0 eng d
100 _93335
_aSavitri
245 _aTales from Indian Classics
260 _aNew Delhi
_bChildren's Book Trust
_c2001
999 _c6654
_d6654